Winning Like Virat Think & Succeed Like Kohli (Record no. 12723)

MARC details
000 -LEADER
fixed length control field 00295nam a22000977a 4500
008 - FIXED-LENGTH DATA ELEMENTS--GENERAL INFORMATION
fixed length control field 241204b |||||||| |||| 00| 0 eng d
020 ## - INTERNATIONAL STANDARD BOOK NUMBER
International Standard Book Number 9788129146069
100 ## - MAIN ENTRY--PERSONAL NAME
Personal name Bhattacharya Abhirup
9 (RLIN) 7820
245 ## - TITLE STATEMENT
Title Winning Like Virat Think & Succeed Like Kohli
260 ## - PUBLICATION, DISTRIBUTION, ETC. (IMPRINT)
Place of publication, distribution, etc. New Delhi
Name of publisher, distributor, etc. Rupa Publications
Date of publication, distribution, etc. 2018
Holdings
Withdrawn status Lost status Source of classification or shelving scheme Damaged status Koha normalized classification for sorting Not for loan Home library Current library Shelving location Date acquired Total Checkouts Full call number Barcode Date last seen Date last checked out Price effective from Koha item type
    Dewey Decimal Classification   BHA_920_000000000000000   Good Samaritan School Library Good Samaritan School Library Sports & Games 12/04/2024 5 BHA920 BHA17852 10/16/2025 09/11/2025 12/04/2024 BOOK

Powered by Koha